জ্ঞানতাপস ডক্টর মুহাম্মদ শহীদুল্লাহ্ / (Record no. 77318)
[ view plain ]
| 000 -LEADER | |
|---|---|
| fixed length control field | 00818nam a22002177a 4500 |
| 001 - CONTROL NUMBER | |
| control field | 77318 |
| 003 - CONTROL NUMBER IDENTIFIER | |
| rucl marc code | BD-RjUL |
| 005 - DATE AND TIME OF LATEST TRANSACTION | |
| control field | 20211209082946.0 |
| 008 - FIXED-LENGTH DATA ELEMENTS--GENERAL INFORMATION | |
| fixed length control field | 200312s2020 bg||||| |||| 00| 0 ben d |
| 035 ## - SYSTEM CONTROL NUMBER | |
| System control number | (BD-RjUL)77543 |
| 040 ## - CATALOGING SOURCE | |
| Original cataloging agency | BD-RjUL |
| Language of cataloging | eng |
| Transcribing agency | BD-RjUL |
| 041 ## - LANGUAGE CODE | |
| Language code of text/sound track or separate title | ben |
| 082 ## - DEWEY DECIMAL CLASSIFICATION NUMBER | |
| Edition number | 23 |
| Classification number | 891.44092 |
| Author mark and year | RAJ 2020 |
| 100 ## - MAIN ENTRY--PERSONAL NAME | |
| Personal name | রায়, কানাই লাল |
| 9 (RLIN) | 240857 |
| 245 ## - TITLE STATEMENT | |
| Title | জ্ঞানতাপস ডক্টর মুহাম্মদ শহীদুল্লাহ্ / |
| Statement of responsibility, etc. | কানাই লাল রায় |
| 260 ## - PUBLICATION, DISTRIBUTION, ETC. (IMPRINT) | |
| Place of publication, distribution, etc. | ঢাকা : |
| Name of publisher, distributor, etc. | সময় প্রকাশ, |
| Date of publication, distribution, etc. | ২০২০ |
| 300 ## - PHYSICAL DESCRIPTION | |
| Pagination | ১৯৭ পৃ.; |
| Size | ২২ সেমি. |
| 600 ## - SUBJECT ADDED ENTRY--PERSONAL NAME | |
| Titles and other words associated with a name | শহীদুল্লাহ, মুহাম্মদ |
| Titles and other words associated with a name | Shahidullah, Muhammad |
| 942 ## - ADDED ENTRY ELEMENTS (KOHA) | |
| Source of classification or shelving scheme | Dewey Decimal Classification |
| Koha item type | Books |
| Lost status | Source of classification or shelving scheme | Damaged status | Not for loan | Collection code | Permanent Location | Current Location | Shelving location | Date acquired | Source of acquisition | Cost, normal purchase price | Total Checkouts | Full call number | Date last seen | Copy number | Koha item type |
|---|---|---|---|---|---|---|---|---|---|---|---|---|---|---|---|
| Dewey Decimal Classification | Not For Loan | Non-fiction | Central Library, University of Rajshahi | Central Library, University of Rajshahi | Reading Room | 05/03/2020 | Kanai Lal ray | 240.00 | B 891.44092 RAJ 2020 | 12/03/2020 | C-1 | Books | |||
| Dewey Decimal Classification | Non-fiction | Central Library, University of Rajshahi | Central Library, University of Rajshahi | 05/03/2020 | Kanai Lal ray | 240.00 | B 891.44092 RAJ 2020 | 12/03/2020 | C-2 | Books |